|
|
|
|
| LEADER |
00859nam a22002652a 4500 |
| 001 |
000947407 |
| 003 |
CZ BrMZK |
| 005 |
20091022114721.0 |
| 007 |
ta |
| 008 |
090617s1971 xo er|||||||||||slo d |
| 040 |
|
|
|a BOA001
|b cze
|
| 041 |
1 |
|
|a slo
|h eng
|
| 100 |
1 |
|
|a Puzo, Mario,
|d 1920-1999
|7 jn19990006752
|4 aut
|
| 245 |
1 |
0 |
|a Krstný otec /
|c Mario Puzo ; z anglického originálu ... preložila Taťjana Ruppeldtová
|
| 250 |
|
|
|a 1. vyd.
|
| 260 |
|
|
|a Bratislava :
|b Tatran,
|c 1971
|
| 300 |
|
|
|a 415 s.
|
| 490 |
1 |
|
|a Luk, knižnica svetových bestsellerov ;
|v zv. 19
|
| 700 |
1 |
|
|a Ruppeldtová, Tatiana,
|d 1921-
|7 ola2002153172
|4 trl
|
| 765 |
0 |
|
|t Godfather
|9 slovensky
|
| 830 |
|
0 |
|a LUK (Tatran)
|
| 910 |
|
|
|a BOA001
|b 1-0667.907
|
| 990 |
|
|
|a BK
|
| 991 |
|
|
|b 200906
|
| 996 |
7 |
|
|b 2619512584
|c 1-0667.907
|l MZK
|r Sklad / do 1 hodiny
|n 0
|w 000947407
|u 000010
|a 1
|e BOA001
|j MZK50
|s A
|